| 000 | 00975nam a22003017a 4500 | ||
|---|---|---|---|
| 001 | 000667 | ||
| 003 | DO-SdBNP | ||
| 005 | 20180207130913.0 | ||
| 007 | 000667 | ||
| 008 | 161109b 1994 ck a ||||| |||| 00| 0 spa d | ||
| 020 | _a9582401052 | ||
| 040 |
_aBPMSU _bspa _cBPMSU |
||
| 082 |
_axxxx _bxxxx |
||
| 100 | 1 |
_aGoscinny, René, _d1926-1977. |
|
| 245 | 1 | 0 |
_aEl pequeño Nicolás / _cRené Sempé ; traducción de Esther Benítez ; ilustraciones de Sempé. |
| 250 | _a2ª reimp. | ||
| 260 |
_aSantafé de Bogotá, Colombia : _bAlfaguara ; _c1994. |
||
| 300 |
_a139 p. _bil. ; _c20 cm. |
||
| 490 | 1 | _aAlfaguara infantil | |
| 500 | _aSegunda reimpresión: noviembre de 1994. | ||
| 500 | _aPara niños a partir de los 10 años. | ||
| 700 | 1 | 2 |
_aBenítez, Esther, _d1937-2001 |
| 700 | 1 | 2 |
_aSempé, Jean-Jaques, _d1932- |
| 830 | 0 | _aAlfaguara infantil | |
| 942 |
_2ddc _cBK |
||
| 945 | _ainventariado, 2018 / dg | ||
| 956 |
_2LOPEREZ _310 _620101109 _8BPMSU _a00041 |
||
| 999 |
_c11870 _d11870 |
||